000
00352nam a2200145Ia 4500
008
231217s9999 xx 000 0 und d
041
_a
English
082
_a
001.642 NII;1 R
100
_a
NIIT
245
0
_a
Introduction to operating systems
260
_c
2003
_b
PHI
_a
New Delhi
300
_a
ix+345
650
_a
operating,systems
942
_c
AA
999
_c
175369
_d
175369